000 00294nam a2200121Ia 4500
008 191201s2016 xx 000 0 und d
100 _aGANGAL, J K
245 0 _aPractical Course for Developing Skill in English
260 _bPearsons
_c2016
300 _a360
650 _aBBA
942 _2ddc
_cBK
999 _c6946
_d6946